MARC

LEADER 00000nam0a2200000 4500
001 77173
005 20231031092341.0
010 |a 5247005791 
035 |a (RuTPU)RU\TPU\book\82754 
090 |a 77173 
100 |a 20050516d1989 km y0rusy50 ca 
101 0 |a rus 
102 |a RU 
105 |a a z 001zy 
200 1 |a Определение нефтегазонасыщения терригенных коллекторов  |f Н. И. Нефедова, Н. А. Пих 
210 |a Москва  |c Недра  |d 1989 
215 |a 165 с.  |c ил. 
320 |a Библиогр.: с. 162-164. 
610 1 |a геология 
610 1 |a нефть 
610 1 |a газ 
610 1 |a нефтегазонасыщение 
610 1 |a горные породы 
610 1 |a остаточная вода 
610 1 |a минерализация 
610 1 |a терригенные коллекторы 
610 1 |a петрофизика 
610 1 |a Западная Сибирь 
610 1 |a породы-коллекторы 
675 |a 553.98:550.83  |v 3 
700 1 |a Нефедова  |b Н. И.  |g Нелли Ивановна 
701 1 |a Пих  |b Н. А.  |g Наталья Андреевна 
801 1 |a RU  |b 63413507  |c 20050516  |g PSBO 
801 2 |a RU  |b 63413507  |c 20060707  |g PSBO 
942 |c BK